|
|
|
|
| LEADER |
00000nab a2200000 a 4500 |
| 001 |
vtls000884174 |
| 003 |
SK-MaSNL |
| 005 |
20260304103846.0 |
| 008 |
250429c2002 xo 0 slo |
| 015 |
|
|
|a SNBRA2004/09-26368
|
| 035 |
|
|
|a CLN000235640
|
| 035 |
|
|
|a urn:nbn:sk:snk-abt87
|
| 035 |
|
|
|a (urnnbn)urn:nbn:sk:snk:ar-a03xr7
|
| 035 |
|
|
|a (uuid)80c2d81b-c7db-4ae9-a17a-dea7998cdfdf
|
| 040 |
|
|
|a SNKBUCL
|b slo
|c SNKBUCL
|e AACR2
|
| 041 |
0 |
|
|a slo
|
| 044 |
|
|
|a xo
|c SK
|
| 080 |
|
|
|a 904(437.6):728.8:902
|2 1997
|
| 080 |
|
|
|a 728.8(437.6):902
|2 1997
|
| 080 |
|
|
|a 902.2(437.6)
|2 1997
|
| 100 |
1 |
|
|a Roth, Peter
|4 aut
|9 9023
|
| 245 |
1 |
0 |
|a Štvrtá sezóna výskumu hradu Plaveč
|c Peter Roth
|
| 300 |
|
|
|b Obr. v 2. časti zborníka
|
| 500 |
|
|
|a Res. prel. Berta Nieburová
|
| 504 |
|
|
|a Res. nem.
|
| 610 |
1 |
7 |
|a Plaveč (Slovensko : hrad )
|2 snkbucl
|9 165138
|
| 650 |
0 |
7 |
|a sídliská (archeológia)
|z Plaveč (Slovensko)
|y stredovek
|y novovek
|y 13.-16. stor.
|2 snkbucl
|9 28243
|
| 655 |
|
7 |
|a články zo zborníkov
|2 snkbucl
|9 166140
|
| 700 |
1 |
|
|a Nieburová, Berta,
|d 1919-2006
|4 trl
|9 112145
|
| 773 |
0 |
|
|t Archeologické výskumy a nálezy na Slovensku v roku 2001. 1., Textová časť
|d Nitra : Archeologický ústav Slovenskej akadémie vied, 2002
|g S. 162-63
|x 0231-925X
|z 8088709598
|
| 850 |
|
|
|a Slovenská národná knižnica
|
| 852 |
|
|
|a Slovenská národná knižnica
|
| 954 |
|
|
|a odborná, vedecká literatúra pôvodná (slovenská)
|2 lita
|
| 957 |
|
|
|a 710
|
| 958 |
|
|
|a article27
|
| 958 |
|
|
|a OND
|
| 958 |
|
|
|a EUIPO
|
| 999 |
|
|
|c 2850008
|d 2851938
|